<?xml version="1.0" encoding="UTF-8"?><?xml-stylesheet type="text/xsl" href="static/style.xsl"?><OAI-PMH xmlns="http://www.openarchives.org/OAI/2.0/" xmlns:xsi="http://www.w3.org/2001/XMLSchema-instance" xsi:schemaLocation="http://www.openarchives.org/OAI/2.0/ http://www.openarchives.org/OAI/2.0/OAI-PMH.xsd"><responseDate>2026-04-17T11:26:15Z</responseDate><request verb="GetRecord" identifier="oai:www.recercat.cat:20.500.12327/3268" metadataPrefix="marc">https://recercat.cat/oai/request</request><GetRecord><record><header><identifier>oai:recercat.cat:20.500.12327/3268</identifier><datestamp>2025-10-22T11:26:16Z</datestamp><setSpec>com_2072_4428</setSpec><setSpec>com_2072_4427</setSpec><setSpec>col_2072_487898</setSpec></header><metadata><record xmlns="http://www.loc.gov/MARC21/slim" xmlns:dcterms="http://purl.org/dc/terms/" xmlns:xsi="http://www.w3.org/2001/XMLSchema-instance" xmlns:doc="http://www.lyncode.com/xoai" xsi:schemaLocation="http://www.loc.gov/MARC21/slim http://www.loc.gov/standards/marcxml/schema/MARC21slim.xsd">
   <leader>00925njm 22002777a 4500</leader>
   <datafield ind2=" " ind1=" " tag="042">
      <subfield code="a">dc</subfield>
   </datafield>
   <datafield ind2=" " ind1=" " tag="720">
      <subfield code="a">Cabrera, Antonio</subfield>
      <subfield code="e">author</subfield>
   </datafield>
   <datafield ind2=" " ind1=" " tag="720">
      <subfield code="a">Kozik, Alex</subfield>
      <subfield code="e">author</subfield>
   </datafield>
   <datafield ind2=" " ind1=" " tag="720">
      <subfield code="a">Howad, Werner</subfield>
      <subfield code="e">author</subfield>
   </datafield>
   <datafield ind2=" " ind1=" " tag="720">
      <subfield code="a">Arús, Pere</subfield>
      <subfield code="e">author</subfield>
   </datafield>
   <datafield ind2=" " ind1=" " tag="720">
      <subfield code="a">Iezzoni, Amy F</subfield>
      <subfield code="e">author</subfield>
   </datafield>
   <datafield ind2=" " ind1=" " tag="720">
      <subfield code="a">van der Knaap, Esther</subfield>
      <subfield code="e">author</subfield>
   </datafield>
   <datafield ind2=" " ind1=" " tag="260">
      <subfield code="c">2009-11-29</subfield>
   </datafield>
   <datafield ind2=" " ind1=" " tag="520">
      <subfield code="a">Background: Detailed comparative genome analyses within the economically important Rosaceae&#xd;
family have not been conducted. This is largely due to the lack of conserved gene-based molecular&#xd;
markers that are transferable among the important crop genera within the family [e.g. Malus&#xd;
(apple), Fragaria (strawberry), and Prunus (peach, cherry, apricot and almond)]. The lack of&#xd;
molecular markers and comparative whole genome sequence analysis for this family severely&#xd;
hampers crop improvement efforts as well as QTL confirmation and validation studies.&#xd;
Results: We identified a set of 3,818 rosaceaous unigenes comprised of two or more ESTs that&#xd;
correspond to single copy Arabidopsis genes. From this Rosaceae Conserved Orthologous Set&#xd;
(RosCOS), 1039 were selected from which 857 were used for the development of intron-flanking&#xd;
primers and allele amplification. This led to successful amplification and subsequent mapping of 613&#xd;
RosCOS onto the Prunus TxE reference map resulting in a genome-wide coverage of 0.67 to 1.06&#xd;
gene-based markers per cM per linkage group. Furthermore, the RosCOS primers showed&#xd;
amplification success rates from 23 to 100% across the family indicating that a substantial part of&#xd;
the RosCOS primers can be directly employed in other less studied rosaceaous crops.&#xd;
Comparisons of the genetic map positions of the RosCOS with the physical locations of the&#xd;
orthologs in the Populus trichocarpa genome identified regions of colinearity between the genomes&#xd;
of Prunus-Rosaceae and Populus-Salicaceae.&#xd;
Conclusion: Conserved orthologous genes are extremely useful for the analysis of genome&#xd;
evolution among closely and distantly related species. The results presented in this study&#xd;
demonstrate the considerable potential of the mapped Prunus RosCOS for genome-wide marker&#xd;
employment and comparative whole genome studies within the Rosaceae family. Moreover, these&#xd;
markers will also function as useful anchor points for the genome sequencing efforts currently&#xd;
ongoing in this family as well as for comparative QTL analyses.</subfield>
   </datafield>
   <datafield ind1="8" ind2=" " tag="024">
      <subfield code="a">Cabrera, Antonio, Alex Kozik, Werner Howad, Pere Arus, Amy F Iezzoni, and Esther Van Der Knaap. 2009. “Development and Bin Mapping of a Rosaceae Conserved Ortholog Set (COS) of Markers.” BMC Genomics 10 (1): 562. doi: 10.1186/1471-2164-10-562</subfield>
   </datafield>
   <datafield ind1="8" ind2=" " tag="024">
      <subfield code="a">1471-2164</subfield>
   </datafield>
   <datafield ind1="8" ind2=" " tag="024">
      <subfield code="a">http://hdl.handle.net/20.500.12327/3268</subfield>
   </datafield>
   <datafield ind1="8" ind2=" " tag="024">
      <subfield code="a">https://doi.org/10.1186/1471-2164-10-562</subfield>
   </datafield>
   <datafield ind2="0" ind1="0" tag="245">
      <subfield code="a">Development and bin mapping of a Rosaceae Conserved Ortholog Set (COS) of markers</subfield>
   </datafield>
</record></metadata></record></GetRecord></OAI-PMH>